Normal view
MARC view
- Social psychology.
Entry Topical Term
001 - CONTROL NUMBER
- control field: 60661
003 - CONTROL NUMBER IDENTIFIER
- control field: OSt
005 - DATE AND TIME OF LATEST TRANSACTION
- control field: 20240911122512.0
008 - FIXED-LENGTH DATA ELEMENTS
- fixed length control field: 240911|| aca||aabn | a|a d
040 ## - CATALOGING SOURCE
- Original cataloging agency: OSt
- Transcribing agency: OSt
150 ## - HEADING--TOPICAL TERM
- Topical term or geographic name entry element: Social psychology.
670 ## - SOURCE DATA FOUND
- Source citation: Work cat.: (OSt)20531: Harari, Gabriella M. author. 57984, Sensing Sociability: , July 2020.
